[Event "Chigorin Memorial 31st"]
[Site "St Petersburg"]
[Date "2024.10.26"]
[Round "1"]
[White "Kondratyev, Alexey"]
[Black "Makinyan, Ruben"]
[Result "0-1"]
[WhiteElo "1519"]
[BlackElo "1913"]
[PlyCount "102"]
[EventDate "2024.10.26"]
[EventType "swiss"]
[EventRounds "9"]
[EventCountry "RUS"]
[SourceTitle "CB45_2024"]
[Source "ChessBase"]
[SourceDate "2024.11.06"]
[SourceVersion "1"]
[SourceVersionDate "2024.11.06"]
[SourceQuality "1"]

1. e4 c5 2. Nf3 d6 3. d4 cxd4 4. Nxd4 Nf6 5. Nc3 a6 6. Bc4 e6 7. f3 b5 8. Bb3 Be7 9. Be3 Bd7 10. Qd2 Nc6 11. g4 0-0 12. h4 Nxd4 13. Bxd4 Bc6 14. h5 Nd7 15. 0-0-0 a5 16. a4 b4 17. Ne2 Nc5 18. Bxc5 dxc5 19. Qe3 Qc7 20. g5 Qe5 21. g6 Bf6 22. gxh7+ Kh8 23. c3 Rab8 24. Bc2 bxc3 25. bxc3 Qc7 26. Rd2 Qb6 27. e5 Qb2+ 28. Kd1 Be7 29. h6 g6 30. Qf4 Rbd8 31. Rxd8 Rxd8+ 32. Ke1 Be8 33. Bd1 Qb1 34. Nc1 Qa1 35. Kf2 Qxc3 36. Ne2 Qa1 37. Qe4 Kxh7 38. Qc2 Qxe5 39. f4 Qa1 40. Nc3 Bf6 41. Ne4 Qd4+ 42. Kg3 Bc6 43. Bf3 Bxe4 44. Bxe4 Qe3+ 45. Bf3 Rd4 46. Qc1 Bh4+ 47. Kxh4 Qxf3 48. Rf1 Qh5+ 49. Kg3 Rd3+ 50. Kf2 Rf3+ 51. Ke2 Rxf1+ 0-1